[Event "19th Asia-ch (w)"]
[Site "Al-Ain UAE"]
[Date "2015.08.07"]
[Round "6.26"]
[White "Alymbay, Kyzy Aizhan"]
[Black "Al-Zarouni, Kholoud Essa"]
[Result "1/2-1/2"]
[WhiteElo "1903"]
[BlackElo "1840"]
[EventDate "2015.08.02"]
[PlyCount "133"]

1.e4 e5 2.Nf3 Nc6 3.d4 exd4 4.Nxd4 Nf6 5.Nxc6 bxc6 6.e5 Qe7 7.Qe2 Nd5 8.c4
Ba6 9.b3 g6 10.Bb2 Bg7 11.Qe4 Nb6 12.f4 O-O 13.Bd3 Bb7 14.O-O d6 15.Ba3 
Rab8 16.Nd2 c5 17.Qe3 Nd7 18.Ne4 Bxe4 19.Bxe4 Rb6 20.Rad1 dxe5 21.f5 Ra6 
22.Qc1 Nf6 23.Bb1 Ng4 24.Rf3 Bh6 25.Qb2 Be3+ 26.Kh1 Nf2+ 27.Rxf2 Bxf2 28.
Qxf2 Rxa3 29.f6 Qe6 30.Qxc5 Ra6 31.Rf1 e4 32.Qe3 Qe5 33.Qxe4 Qxe4 34.Bxe4 
Rxa2 35.h4 h5 36.Rd1 Re8 37.Bf3 Re6 38.Rd8+ Kh7 39.Rd7 Rxf6 40.Rxc7 Rf4 
41.Kg1 Kg7 42.Bd5 Ra1+ 43.Kh2 Rxh4+ 44.Kg3 Rg4+ 45.Kf3 Rf1+ 46.Ke2 Rf5 47.
Rxa7 Rxd5 48.cxd5 Rxg2+ 49.Kd3 Kf6 50.b4 Ke5 51.Rxf7 Kxd5 52.Ke3 Rg4 53.b5
Kc5 54.Rb7 g5 55.Kf3 Rf4+ 56.Ke3 h4 57.b6 Rg4 58.Kf3 Rg3+ 59.Kf2 Kc6 60.
Rb8 g4 61.b7 Rf3+ 62.Ke2 h3 63.Rg8 Kxb7 64.Rxg4 h2 65.Rh4 Ra3 66.Kf2 Ra2+ 
67.Kg3 1/2-1/2

[Event "19th Asia-ch (w)"]
[Site "Al-Ain UAE"]
[Date "2015.08.07"]
[Round "6.27"]
[White "Faqih, Asil"]
[Black "Al-Harmoudi, Mona"]
[Result "0-1"]
[WhiteElo "1599"]
[BlackElo "1745"]
[EventDate "2015.08.02"]
[PlyCount "96"]

1.d4 d5 2.c4 c6 3.Nc3 Nf6 4.e3 g6 5.Nf3 Bg7 6.Bd3 O-O 7.O-O Bg4 8.Re1 Nbd7
9.h3 Bxf3 10.Qxf3 dxc4 11.Bxc4 Qc7 12.e4 e5 13.d5 cxd5 14.Bxd5 Nxd5 15.
Nxd5 Qa5 16.b4 Qa4 17.a3 Rad8 18.Rb1 Rfe8 19.Qb3 Qxb3 20.Rxb3 Rc8 21.a4 
Nf6 22.Bh6 Nxd5 23.Bxg7 Nc3 24.Bh6 Nxa4 25.Be3 a6 26.Rd1 Nc3 27.Rd7 b5 28.
f3 Ne2+ 29.Kf2 Nc1 30.Ra3 Rc2+ 31.Kg3 Ne2+ 32.Kh2 Rc3 33.Rxc3 Nxc3 34.Rd6 
Re6 35.Rxe6 fxe6 36.Kg3 Kf7 37.Kf2 Nd1+ 38.Ke2 Nxe3 39.Kxe3 Ke7 40.f4 Kf6 
41.g4 exf4+ 42.Kxf4 g5+ 43.Ke3 Ke5 44.Kd3 Kf4 45.Kd4 e5+ 46.Kd5 h6 47.Kc5 
Kxe4 48.Kb6 Kd4 0-1

[Event "19th Asia-ch (w)"]
[Site "Al-Ain UAE"]
[Date "2015.08.07"]
[Round "6.28"]
[White "Ezizova, Bagul"]
[Black "Al-Dhaffari, Salma"]
[Result "1-0"]
[WhiteElo "1518"]
[BlackElo "1655"]
[EventDate "2015.08.02"]
[PlyCount "75"]

1.e4 c6 2.d4 d5 3.Nc3 dxe4 4.Nxe4 Nf6 5.Nxf6+ gxf6 6.Bc4 Bf5 7.Nf3 Qc7 8.
Be3 Nd7 9.Qd2 e6 10.O-O-O O-O-O 11.Rhe1 h5 12.Nh4 Bh7 13.Bd3 Bxd3 14.Qxd3 
Bd6 15.g3 Kb8 16.Nf3 c5 17.Qc3 c4 18.Nd2 b5 19.a3 Nb6 20.Ne4 b4 21.axb4 
Nd5 22.Qd2 Nxb4 23.Nxd6 Qa5 24.Qe2 Na2+ 25.Kb1 Rxd6 26.Bf4 e5 27.dxe5 Nc3+
28.bxc3 Rb6+ 29.Kc1 Qa3+ 30.Kd2 Rd8+ 31.Ke3 Qxc3+ 32.Ke4 Rxd1 33.Rxd1 Re6 
34.Rd6 Qb4 35.Rxe6 c3+ 36.Kf3 fxe6 37.exf6+ e5 38.Qxe5+ 1-0

[Event "19th Asia-ch (w)"]
[Site "Al-Ain UAE"]
[Date "2015.08.08"]
[Round "7.1"]
[White "Hejazipour, Mitra"]
[Black "Vijayalakshmi, Subbaraman"]
[Result "0-1"]
[WhiteElo "2321"]
[BlackElo "2341"]
[EventDate "2015.08.02"]
[PlyCount "124"]

1.d4 Nf6 2.c4 g6 3.Nf3 Bg7 4.g3 O-O 5.Bg2 d6 6.Nc3 Nc6 7.O-O Bf5 8.d5 Na5 
9.Nd4 Bd7 10.b3 c5 11.dxc6 bxc6 12.Bb2 Rb8 13.Rb1 c5 14.Nc2 Ne8 15.Ne3 Nc6
16.Qd2 a5 17.Nb5 a4 18.bxa4 Ra8 19.Qc2 Ra6 20.Bxg7 Nxg7 21.Nd5 Bf5 22.Be4 
Nd4 23.Nxd4 cxd4 24.Rb7 Bd7 25.c5 Kh8 26.Nb6 Bh3 27.Qd3 Ra5 28.c6 Ne6 29.
Rc1 Rc5 30.Rc4 d5 31.Rxc5 dxe4 32.Qxe4 Nxc5 33.Qe5+ Kg8 34.c7 Qd6 35.Qxd6 
exd6 36.Rb8 d3 37.exd3 Nxd3 38.c8=Q Bxc8 39.Rxc8 Nc5 40.a5 Kg7 41.Rc6 Re8 
42.Rxd6 Re2 43.Rc6 Nd3 44.a3 Ra2 45.Rc3 Ra1+ 46.Kg2 Ne1+ 47.Kh3 Rb1 48.a4 
f5 49.f4 h6 50.Rc7+ Kf6 51.Rc6+ Kg7 52.a6 g5 53.fxg5 hxg5 54.a7 Rb2 55.Rc3
Rxb6 56.g4 f4 57.Rc7+ Kf6 58.Rc3 Rb7 59.Rc6+ Kg7 60.Rc3 Rxa7 61.Rc1 Re7 
62.Rc3 Re6 0-1

[Event "19th Asia-ch (w)"]
[Site "Al-Ain UAE"]
[Date "2015.08.08"]
[Round "7.2"]
[White "Shen Yang"]
[Black "Aulia, Medina Warda"]
[Result "1-0"]
[WhiteElo "2443"]
[BlackElo "2412"]
[EventDate "2015.08.02"]
[PlyCount "102"]

1.d4 e6 2.c4 Nf6 3.Nf3 d5 4.Nc3 Bb4 5.Qb3 c5 6.cxd5 exd5 7.dxc5 Nc6 8.Bg5 
Be6 9.O-O-O Qa5 10.Bxf6 gxf6 11.Nxd5 f5 12.e4 fxe4 13.Ng5 Qxc5+ 14.Qc4 
O-O-O 15.Qxc5 Bxc5 16.Nxe4 Bd4 17.Ndc3 Rhg8 18.g3 f5 19.Bh3 Rg6 20.Nd2 
Bxf2 21.Nf3 Rh6 22.Nh4 f4 23.Bxe6+ Rxe6 24.Rxd8+ Nxd8 25.Nf5 Re5 26.g4 Ne6
27.Kd2 h5 28.h3 Ng5 29.Kd3 Bc5 30.Ne2 f3 31.Neg3 f2 32.gxh5 Re1 33.Rf1 b5 
34.b4 Bb6 35.h6 Kb7 36.h4 Nf3 37.h7 Ne5+ 38.Kc3 Ng6 39.Kd2 Re6 40.Ne4 Re5 
41.Rc1 Ka6 42.Nfg3 Re7 43.Rc6 Kb7 44.Rxg6 Rxh7 45.Rg4 Bd8 46.Nd6+ Kc6 47.
Ndf5 a5 48.a3 axb4 49.axb4 Bb6 50.Ke2 Ra7 51.Rg6+ Kd5 1-0

[Event "19th Asia-ch (w)"]
[Site "Al-Ain UAE"]
[Date "2015.08.08"]
[Round "7.3"]
[White "Saduakasova, Dinara"]
[Black "Lei Tingjie"]
[Result "1-0"]
[WhiteElo "2401"]
[BlackElo "2436"]
[EventDate "2015.08.02"]
[PlyCount "71"]

1.d4 Nf6 2.c4 g6 3.g3 c6 4.Bg2 d5 5.Qa4 Nfd7 6.cxd5 Nb6 7.Qd1 cxd5 8.Nc3 
Bg7 9.e3 Nc6 10.Nge2 O-O 11.O-O Bg4 12.a4 e6 13.f3 h5 14.fxg4 hxg4 15.Nf4 
Qg5 16.Kh1 e5 17.dxe5 Nxe5 18.e4 d4 19.Ncd5 Nxd5 20.exd5 Rfc8 21.Nd3 Qh5 
22.Bf4 Nc4 23.Qb3 g5 24.Bc1 Qg6 25.Nf2 f5 26.Qd3 Ne5 27.Qxd4 Rc4 28.Qd2 f4
29.gxf4 gxf4 30.b3 Rc2 31.Be4 Qh5 32.Qxc2 g3 33.Nh3 f3 34.Nf4 Qg4 35.Bxf3 
Nxf3 36.Qe2 1-0

[Event "19th Asia-ch (w)"]
[Site "Al-Ain UAE"]
[Date "2015.08.08"]
[Round "7.4"]
[White "Pourkashiyan, Atousa"]
[Black "Gomes, Mary Ann"]
[Result "0-1"]
[WhiteElo "2341"]
[BlackElo "2314"]
[EventDate "2015.08.02"]
[PlyCount "168"]

1.e4 c5 2.Nf3 a6 3.c3 e6 4.d4 d5 5.e5 Bd7 6.a4 Nc6 7.Be2 Qb6 8.dxc5 Bxc5 
9.O-O a5 10.Nbd2 Nge7 11.Nb3 Ng6 12.Nxc5 Qxc5 13.b4 Qb6 14.bxa5 Nxa5 15.
Ba3 Nb3 16.Rb1 Bxa4 17.Bd3 Qa7 18.Bc2 Nd2 19.Qxd2 Bxc2 20.Ra1 Bb3 21.Qb2 
Bc4 22.Bd6 Ba6 23.c4 dxc4 24.Nd4 Rc8 25.Nb5 Qa8 26.Qb4 f6 27.Bc7 Kf7 28.
Nd6+ Kg8 29.Qb6 Nxe5 30.Nxc8 Qxc8 31.Bxe5 fxe5 32.Ra3 h5 33.Rd1 Kh7 34.
Qb1+ g6 35.Rh3 Kh6 36.Qc1+ Kh7 37.Qc2 Kg7 38.Rg3 Rh6 39.Rgd3 Bb5 40.Rd8 
Qc5 41.Qc1 Qc7 42.Rf8 Kxf8 43.Qxh6+ Qg7 44.Qg5 Be8 45.f4 e4 46.Qc5+ Qe7 
47.Qxc4 Bc6 48.Qd4 Kg8 49.h3 Kh7 50.Qe5 Qh4 51.Kh2 Bd5 52.Rc1 Bc6 53.Rc3 
Qe7 54.Rg3 Bd5 55.Rc3 Bc6 56.Rc2 Qf7 57.Rd2 Bd5 58.Rd1 Qf5 59.Kg3 Qxe5 60.
fxe5 g5 61.h4 Kg6 62.Rf1 gxh4+ 63.Kf4 e3 64.Kxe3 Bxg2 65.Rf6+ Kg5 66.Kf2 
Bd5 67.Kg1 b5 68.Kh2 Kg4 69.Rf8 b4 70.Rb8 b3 71.Rf8 Be4 72.Rb8 Bd5 73.Rf8 
h3 74.Rb8 Kf4 75.Kxh3 Kxe5 76.Rb4 Kd6 77.Kh4 Kc5 78.Rb8 Kd4 79.Kxh5 Kc3 
80.Rf8 b2 81.Rf1 Kc2 82.Rf2+ Kb3 83.Rf1 Ka2 84.Rf2 Ka1 0-1

[Event "19th Asia-ch (w)"]
[Site "Al-Ain UAE"]
[Date "2015.08.08"]
[Round "7.5"]
[White "Soumya, Swaminathan"]
[Black "Khademalsharieh, Sarasadat"]
[Result "1-0"]
[WhiteElo "2325"]
[BlackElo "2412"]
[EventDate "2015.08.02"]
[PlyCount "81"]

1.d4 Nf6 2.c4 e6 3.Nf3 b6 4.a3 Ba6 5.Qb3 c5 6.d5 exd5 7.cxd5 g6 8.Bf4 d6 
9.Nc3 Bg7 10.Qa4+ Qd7 11.Bxd6 Qxa4 12.Nxa4 Nbd7 13.Nc3 O-O-O 14.Ng5 Rhe8 
15.Nxf7 Ne4 16.Nxe4 Rxe4 17.f3 Bxb2 18.fxe4 Bxa1 19.Nxd8 Kxd8 20.e3 Bc3+ 
21.Kd1 Bb7 22.Kc2 Be5 23.Bxe5 Nxe5 24.Be2 Bc8 25.a4 Bd7 26.Bb5 Bc8 27.Rf1 
Ke7 28.Be2 Bd7 29.Kb3 h5 30.h3 Bc8 31.a5 Bd7 32.axb6 axb6 33.Ra1 Kd6 34.
Ra7 b5 35.Rb7 b4 36.Bb5 Bc8 37.Rb6+ Kc7 38.Rf6 g5 39.d6+ Kb8 40.Rf8 Kb7 
41.Re8 1-0

[Event "19th Asia-ch (w)"]
[Site "Al-Ain UAE"]
[Date "2015.08.08"]
[Round "7.6"]
[White "Pratyusha, Bodda"]
[Black "Nguyen Thi Mai Hung"]
[Result "1-0"]
[WhiteElo "2194"]
[BlackElo "2227"]
[EventDate "2015.08.02"]
[PlyCount "71"]

1.d4 d5 2.c4 c6 3.Nc3 Nf6 4.e3 g6 5.Bd3 Bg7 6.Nf3 O-O 7.O-O a6 8.Qc2 b5 9.
b3 Nbd7 10.Bb2 Bb7 11.c5 e5 12.dxe5 Ng4 13.b4 Ngxe5 14.Nxe5 Nxe5 15.Ne2 
Qh4 16.Nd4 Rae8 17.a4 f5 18.axb5 axb5 19.Ra7 Rf7 20.Bxf5 gxf5 21.Nxf5 Qh5 
22.Nd6 Re6 23.Rfa1 Rxd6 24.cxd6 Nc4 25.Bxg7 Rxg7 26.Ra8+ Kf7 27.d7 Qh3 28.
Rf8+ Ke6 29.d8=N+ Kd6 30.Nxb7+ Ke7 31.g3 Kxf8 32.Nc5 Rg6 33.Qc3 Rd6 34.
Qh8+ Kf7 35.Ra7+ Kg6 36.Rg7+ 1-0

[Event "19th Asia-ch (w)"]
[Site "Al-Ain UAE"]
[Date "2015.08.08"]
[Round "7.7"]
[White "Tan Zhongyi"]
[Black "Wang Jue"]
[Result "1/2-1/2"]
[WhiteElo "2512"]
[BlackElo "2360"]
[EventDate "2015.08.02"]
[PlyCount "77"]

1.d4 Nf6 2.c4 e6 3.Nc3 Bb4 4.Nf3 b6 5.Bg5 h6 6.Bh4 g5 7.Bg3 Ne4 8.Qc2 Bb7 
9.e3 d6 10.Bd3 Bxc3+ 11.bxc3 f5 12.d5 Na6 13.Nd4 Nac5 14.O-O Qe7 15.f3 
Nxd3 16.Qxd3 Nc5 17.Qc2 O-O 18.e4 Qh7 19.exf5 e5 20.Nb3 Bc8 21.Bf2 Bxf5 
22.Qd2 Nd3 23.Be3 Nf4 24.Bxf4 gxf4 25.Nc1 Kh8 26.a3 Rg8 27.Ra2 Rg5 28.Rf2 
Rag8 29.a4 a5 30.Qd1 Rh5 31.Kh1 Qe7 32.Nb3 Qh4 33.Qg1 Bd3 34.Nd2 Qg3 35.
Nf1 Qg6 36.Nd2 Rh4 37.Rb2 Qf5 38.c5 bxc5 39.c4 1/2-1/2

[Event "19th Asia-ch (w)"]
[Site "Al-Ain UAE"]
[Date "2015.08.08"]
[Round "7.8"]
[White "Padmini, Rout"]
[Black "Asgarizadeh, Minoo"]
[Result "1-0"]
[WhiteElo "2444"]
[BlackElo "2180"]
[EventDate "2015.08.02"]
[PlyCount "71"]

1.e4 e5 2.Nf3 Nc6 3.Bb5 a6 4.Ba4 Nf6 5.O-O Be7 6.Bxc6 dxc6 7.Re1 Nd7 8.b3 
O-O 9.Bb2 f6 10.Na3 Nc5 11.Nc4 Be6 12.Qe2 Bg4 13.Rad1 Ne6 14.h3 Bh5 15.g4 
Nf4 16.Qf1 Qe8 17.d4 b5 18.Ne3 Bb4 19.c3 Bd6 20.Nf5 Qg6 21.Kh1 Bxg4 22.
hxg4 Qxg4 23.Nh2 Qh5 24.Bc1 g5 25.Bxf4 exf4 26.f3 a5 27.Kg2 Qg6 28.c4 Bb4 
29.cxb5 Rfe8 30.Qc4+ Kh8 31.Rf1 cxb5 32.Qxb5 c6 33.Qc4 g4 34.Nxg4 Rxe4 35.
fxe4 Qxg4+ 36.Kf2 1-0

[Event "19th Asia-ch (w)"]
[Site "Al-Ain UAE"]
[Date "2015.08.08"]
[Round "7.9"]
[White "Pham Le Thao Nguyen"]
[Black "Karavade, Eesha"]
[Result "1/2-1/2"]
[WhiteElo "2332"]
[BlackElo "2409"]
[EventDate "2015.08.02"]
[PlyCount "80"]

1.e4 e6 2.d4 d5 3.Nd2 Nf6 4.e5 Nfd7 5.Bd3 c5 6.c3 Nc6 7.Ne2 cxd4 8.cxd4 f6
9.exf6 Nxf6 10.O-O Bd6 11.Nf3 Qc7 12.Nc3 a6 13.Bg5 O-O 14.Bh4 Nh5 15.Re1 
g6 16.Bg3 Nxg3 17.hxg3 Qg7 18.Bf1 Bd7 19.Na4 Rad8 20.Rc1 Kh8 21.Nc5 Bc8 
22.Nxa6 e5 23.dxe5 Nxe5 24.Qxd5 Nxf3+ 25.gxf3 Bxg3 26.fxg3 bxa6 27.Re8 
Rdxe8 28.Qc6 Rd8 29.Qc3 Be6 30.a4 Rb8 31.Bxa6 Rxb2 32.Bb5 Qxc3 33.Rxc3 Kg7
34.Bc6 Ra2 35.Rc5 Kf6 36.a5 Ke7 37.Bb7 Kd6 38.Rc6+ Kd7 39.a6 Bd5 40.Rb6 
Bc4 1/2-1/2

[Event "19th Asia-ch (w)"]
[Site "Al-Ain UAE"]
[Date "2015.08.08"]
[Round "7.10"]
[White "Zhai Mo"]
[Black "Kulkarni, Bhakti Pradip"]
[Result "1-0"]
[WhiteElo "2406"]
[BlackElo "2262"]
[EventDate "2015.08.02"]
[PlyCount "81"]

1.d4 d5 2.c4 c6 3.cxd5 cxd5 4.Bf4 Nc6 5.e3 Nf6 6.Nc3 Bg4 7.Qb3 Na5 8.Qa4+ 
Bd7 9.Qc2 Nc6 10.Nf3 e6 11.h3 Be7 12.a3 Rc8 13.Bd3 O-O 14.O-O g6 15.Qe2 a6
16.Rac1 Nh5 17.Bh6 Re8 18.Rfd1 f5 19.Ne5 Nxe5 20.dxe5 Bf8 21.Bxf8 Rxf8 22.
Qd2 f4 23.exf4 Nxf4 24.Bf1 Kh8 25.Qe3 Qe7 26.Rd4 Nh5 27.g4 Ng7 28.Rb4 b5 
29.Rf4 Rxf4 30.Qxf4 g5 31.Qe3 b4 32.axb4 Qxb4 33.Qa7 Bc6 34.Nxd5 exd5 35.
Rxc6 Rf8 36.Rf6 a5 37.Rxf8+ Qxf8 38.Qxa5 d4 39.Qd5 h6 40.Bc4 Qe8 41.Qxd4 
1-0

[Event "19th Asia-ch (w)"]
[Site "Al-Ain UAE"]
[Date "2015.08.08"]
[Round "7.11"]
[White "Tania, Sachdev"]
[Black "Davletbaeva, Madina"]
[Result "1/2-1/2"]
[WhiteElo "2390"]
[BlackElo "2243"]
[EventDate "2015.08.02"]
[PlyCount "57"]

1.d4 Nf6 2.c4 e6 3.Nf3 b6 4.a3 Bb7 5.Nc3 d5 6.cxd5 Nxd5 7.Qc2 Be7 8.e4 
Nxc3 9.bxc3 O-O 10.Bd3 c5 11.O-O Qc8 12.Qe2 Ba6 13.Rd1 Bxd3 14.Rxd3 Qa6 
15.e5 cxd4 16.cxd4 Rd8 17.Bf4 Nd7 18.Rad1 Rac8 19.Qe3 Qa5 20.h4 b5 21.Bg5 
Bxg5 22.Nxg5 h6 23.Ne4 Nb6 24.Nf6+ Kf8 25.Nh5 Rc3 26.Qe4 g6 27.Nf4 Nd5 28.
Nxd5 Rxd5 29.Qf4 1/2-1/2

[Event "19th Asia-ch (w)"]
[Site "Al-Ain UAE"]
[Date "2015.08.08"]
[Round "7.12"]
[White "Hakimifard, Raana"]
[Black "Li Ruofan"]
[Result "1/2-1/2"]
[WhiteElo "2084"]
[BlackElo "2374"]
[EventDate "2015.08.02"]
[PlyCount "156"]

1.e4 e5 2.Nf3 Nc6 3.Bc4 Bc5 4.c3 Nf6 5.d3 d6 6.Nbd2 a6 7.Bb3 O-O 8.O-O Ba7
9.h3 h6 10.Re1 Re8 11.Nf1 Be6 12.Ng3 Bxb3 13.axb3 d5 14.Qe2 Qd7 15.Nh4 
dxe4 16.dxe4 Rad8 17.Nh5 Re6 18.Nf5 Nxh5 19.Qxh5 Ne7 20.Be3 Bxe3 21.Nxe3 
Qb5 22.Red1 Rxd1+ 23.Rxd1 Ng6 24.Rd8+ Re8 25.Qd1 Kh7 26.Rd7 Re7 27.Rd8 Re8
28.Rd7 Re7 29.Rxe7 Nxe7 30.Qd8 Ng6 31.Qxc7 Qxb3 32.c4 Qxb2 33.Qxf7 Qb1+ 
34.Kh2 Qxe4 35.Nd5 Kh8 36.Qe8+ Kh7 37.Qd7 Kg8 38.Qc8+ Nf8 39.Qe8 Qxc4 40.
Ne7+ Kh7 41.Qxf8 Qf4+ 42.Qxf4 exf4 43.Kg1 a5 44.Nd5 a4 45.Nc3 a3 46.Kf1 b5
47.Na2 g5 48.Ke2 Kg6 49.Kd3 Kh5 50.Ke4 Kh4 51.Kf3 Kh5 52.Ke4 Kh4 53.Nb4 
Kh5 54.g3 fxg3 55.fxg3 Kg6 56.Ke5 Kg7 57.Kf5 Kf7 58.Na2 Kg7 59.Ke5 Kg6 60.
Nb4 Kg7 61.Kd5 Kg6 62.g4 Kf6 63.Na2 Kf7 64.Nb4 Kf6 65.Na2 Kf7 66.Kd6 Kf6 
67.Nb4 Kf7 68.Kd5 Kf6 69.Na2 Kf7 70.Kd6 Kf6 71.Nb4 Kf7 72.Ke5 Kg6 73.Ke6 
Kg7 74.Ke7 Kg6 75.Na2 Kg7 76.Nb4 Kg6 77.Ke6 Kg7 78.Kf5 Kf7 1/2-1/2

[Event "19th Asia-ch (w)"]
[Site "Al-Ain UAE"]
[Date "2015.08.08"]
[Round "7.13"]
[White "Mohota, Nisha"]
[Black "Zhang Xiaowen"]
[Result "0-1"]
[WhiteElo "2259"]
[BlackElo "2376"]
[EventDate "2015.08.02"]
[PlyCount "126"]

1.e4 e6 2.d4 d5 3.Nc3 Nf6 4.e5 Nfd7 5.f4 c5 6.Nf3 Nc6 7.Be3 a6 8.Qd2 b5 9.
dxc5 Qa5 10.Nd4 Nxd4 11.Bxd4 Bxc5 12.Bxc5 Nxc5 13.Ne4 Qxd2+ 14.Nxd2 Bb7 
15.Nf3 O-O 16.Be2 f6 17.O-O Rac8 18.c3 Na4 19.Rf2 Nxb2 20.Bxb5 axb5 21.
Rxb2 Rxc3 22.Rxb5 Bc6 23.Rb6 Rc4 24.g3 Ra8 25.Nd4 Rxd4 26.Rxc6 Kf7 27.Rc7+
Kg6 28.Re7 Ra6 29.Rd7 Rd2 30.Rd6 Ra3 31.exf6 gxf6 32.Rxe6 Rc3 33.f5+ Kxf5 
34.Re7 Kg6 35.Rf1 Rcc2 36.Rf4 Rg2+ 37.Kf1 Rxh2 38.Kg1 Kh6 39.Rh4+ Rxh4 40.
gxh4 Rxa2 41.Rd7 Rd2 42.Kf1 Rd4 43.Kf2 Kg6 44.h5+ Kxh5 45.Rxh7+ Kg4 46.Rd7
Kf4 47.Rd8 f5 48.Rd7 Rd3 49.Ke2 Re3+ 50.Kf2 Re5 51.Rh7 Ke4 52.Rh1 d4 53.
Re1+ Kd5 54.Ra1 d3 55.Ra8 Kd4 56.Rd8+ Kc3 57.Rc8+ Kb2 58.Rd8 Kc2 59.Rc8+ 
Kd1 60.Rd8 d2 61.Rc8 Ra5 62.Rc7 Ra2 63.Rh7 Kc1 0-1

[Event "19th Asia-ch (w)"]
[Site "Al-Ain UAE"]
[Date "2015.08.08"]
[Round "7.14"]
[White "Nakhbaeva, Guliskhan"]
[Black "Ankhchimeg, Bayanmunkh"]
[Result "1-0"]
[WhiteElo "2327"]
[BlackElo "2180"]
[EventDate "2015.08.02"]
[PlyCount "39"]

1.d4 f5 2.g3 g6 3.Bg2 Nf6 4.Nf3 Bg7 5.O-O O-O 6.b3 e6 7.Ba3 d6 8.c4 Ne4 9.
e3 c5 10.Nbd2 Nc6 11.Nxe4 fxe4 12.Nd2 cxd4 13.exd4 Bxd4 14.Nxe4 d5 15.Bxf8
dxe4 16.Bh6 e5 17.Rc1 Bf5 18.Qe2 Qf6 19.h4 Re8 20.Be3 1-0

[Event "19th Asia-ch (w)"]
[Site "Al-Ain UAE"]
[Date "2015.08.08"]
[Round "7.15"]
[White "Le Kieu Thien Kim"]
[Black "Dauletova, Gulmira"]
[Result "1/2-1/2"]
[WhiteElo "2226"]
[BlackElo "2278"]
[EventDate "2015.08.02"]
[PlyCount "148"]

1.e4 c5 2.c3 Nf6 3.e5 Nd5 4.d4 cxd4 5.Nf3 e6 6.cxd4 d6 7.Bc4 Nc6 8.O-O Be7
9.Re1 O-O 10.Nbd2 Qb6 11.Ne4 dxe5 12.dxe5 Rd8 13.Qe2 Nd4 14.Nxd4 Qxd4 15.
Bxd5 exd5 16.Nd6 Bxd6 17.exd6 Be6 18.Be3 Qc4 19.Qxc4 dxc4 20.Rad1 h6 21.h3
Rd7 22.g4 Rad8 23.Bf4 Rc8 24.Be5 Rc6 25.Rd2 b5 26.a3 a5 27.f4 f6 28.Bxf6 
Bxg4 29.Bc3 Bxh3 30.Re7 Rcxd6 31.Rxd6 Rxe7 32.Bxa5 Rf7 33.Bd2 Kh7 34.Kh2 
Bd7 35.Kg3 Be8 36.Re6 Bd7 37.Rd6 Kg8 38.Bc3 Kf8 39.Bb4 Kg8 40.Bc3 Kh7 41.
Bd2 Bc8 42.Rd5 Rb7 43.Rd6 Bf5 44.Bc3 Kg8 45.Rd5 Be6 46.Re5 Kf7 47.f5 Bd7 
48.Kf4 Bc6 49.Rc5 Bd7 50.Re5 Rc7 51.Ba5 Rc8 52.Bb4 Re8 53.Rxe8 Bxe8 54.Bc3
Bd7 55.Bd4 Bc8 56.Bc3 Bb7 57.Bd4 Bg2 58.Bc3 Bf1 59.Bd4 Bd3 60.Bc3 Be2 61.
Bd4 g6 62.fxg6+ Kxg6 63.Kg3 Kf5 64.Kh4 Kf4 65.Bc3 Ke3 66.Bg7 h5 67.Bc3 Kd3
68.Bg7 Kc2 69.Bc3 Bg4 70.Bg7 Kb3 71.Bc3 Be2 72.Kg3 Kc2 73.Kh2 Kb3 74.Kg3 
Kc2 1/2-1/2

[Event "19th Asia-ch (w)"]
[Site "Al-Ain UAE"]
[Date "2015.08.08"]
[Round "7.16"]
[White "Hakimifard, Ghazal"]
[Black "Enkhtuul, Altanulzii"]
[Result "1/2-1/2"]
[WhiteElo "2219"]
[BlackElo "2269"]
[EventDate "2015.08.02"]
[PlyCount "85"]

1.e4 c5 2.Nf3 d6 3.d4 cxd4 4.Nxd4 Nf6 5.Nc3 a6 6.h3 e5 7.Nde2 Be6 8.g4 Be7
9.Ng3 g6 10.Bg2 Nbd7 11.Nd5 Bxd5 12.exd5 Qa5+ 13.Qd2 Qxd2+ 14.Bxd2 Nb6 15.
b3 Nfd7 16.h4 Rc8 17.c4 O-O 18.h5 Nc5 19.Ke2 Na8 20.g5 b5 21.cxb5 axb5 22.
Rh2 Rc7 23.Ne4 Nxe4 24.Bxe4 Rfc8 25.Rah1 Bf8 26.Ba5 Ra7 27.b4 Rc3 28.Rh3 
Rxh3 29.Rxh3 Be7 30.hxg6 hxg6 31.Rc3 Kg7 32.Rc8 Bxg5 33.Bd3 Nb6 34.Bxb6 
Rxa2+ 35.Rc2 Ra1 36.Bxb5 Rb1 37.Ba5 e4 38.f3 e3 39.Bd7 f5 40.b5 f4 41.Bc3+
Bf6 42.Ba5 Bh4 43.Bc7 1/2-1/2

[Event "19th Asia-ch (w)"]
[Site "Al-Ain UAE"]
[Date "2015.08.08"]
[Round "7.17"]
[White "Kurbonboeva, Sarvinoz"]
[Black "Shamima, Akter Liza"]
[Result "0-1"]
[WhiteElo "2264"]
[BlackElo "2155"]
[EventDate "2015.08.02"]
[PlyCount "76"]

1.Nf3 d5 2.g3 Nf6 3.Bg2 c6 4.O-O Bg4 5.d3 Nbd7 6.Qe1 e5 7.e4 dxe4 8.dxe4 
Bc5 9.b4 Bb6 10.Bb2 Qe7 11.a3 O-O 12.Nbd2 Bc7 13.Nc4 Be6 14.Qe2 b5 15.Ncd2
a5 16.Bc3 axb4 17.axb4 Bd6 18.Rfb1 Ba2 19.Rb2 Bc4 20.Qe1 Be6 21.Rxa8 Rxa8 
22.Nb3 Nb6 23.Na5 Na4 24.Rb1 Qc7 25.Bd2 h6 26.Nh4 Nd7 27.Nf5 Bf8 28.Qe2 
Nab6 29.Ne3 Nf6 30.Nf5 Nc4 31.Nxc4 Bxc4 32.Qf3 Nd7 33.Qg4 Kh7 34.Bh3 Nf6 
35.Qh4 Ng8 36.Bc3 g6 37.Ne3 Be7 38.Qg4 Be6 0-1

[Event "19th Asia-ch (w)"]
[Site "Al-Ain UAE"]
[Date "2015.08.08"]
[Round "7.18"]
[White "Hong Xing"]
[Black "Nguyen Thi Thanh An"]
[Result "0-1"]
[WhiteElo "1882"]
[BlackElo "2219"]
[EventDate "2015.08.02"]
[PlyCount "58"]

1.e4 g6 2.Nc3 Bg7 3.d4 d6 4.Bg5 c6 5.Bc4 Qa5 6.Qd2 h6 7.Be3 Nd7 8.Bb3 Ngf6
9.O-O-O b5 10.f3 b4 11.Nce2 Ba6 12.Kb1 Rb8 13.Nf4 Qc7 14.h4 Bb5 15.Nd3 a5 
16.e5 a4 17.exf6 Nxf6 18.Nxb4 axb3 19.cxb3 Qb7 20.Rc1 h5 21.Nh3 O-O 22.Bh6
Rfc8 23.Bxg7 Kxg7 24.g4 hxg4 25.fxg4 c5 26.Nc2 cxd4 27.Nxd4 e5 28.Qe3 Nxg4
29.Qg1 Bd3+ 0-1

[Event "19th Asia-ch (w)"]
[Site "Al-Ain UAE"]
[Date "2015.08.08"]
[Round "7.19"]
[White "Otgonjargal, Sengeravdan"]
[Black "Chu Ruotong"]
[Result "1/2-1/2"]
[WhiteElo "2213"]
[BlackElo "2048"]
[EventDate "2015.08.02"]
[PlyCount "67"]

1.e4 c5 2.f4 Nc6 3.Nf3 Qc7 4.g3 e6 5.Nc3 a6 6.a4 Nf6 7.d3 d5 8.e5 Nd7 9.
Bg2 Rb8 10.O-O b5 11.axb5 axb5 12.Ng5 b4 13.Ne2 Be7 14.Nf3 Bb7 15.h3 O-O 
16.Kh2 f6 17.d4 f5 18.Be3 Ra8 19.Qd2 Ba6 20.Rfe1 Bxe2 21.Qxe2 cxd4 22.Nxd4
Nxd4 23.Bxd4 Bc5 24.Bxc5 Nxc5 25.g4 g6 26.Rxa8 Rxa8 27.gxf5 gxf5 28.Bf3 
Kh8 29.Bh5 Qe7 30.Rg1 Rg8 31.Rxg8+ Kxg8 32.Qa6 Kg7 33.Qa1 Kf8 34.Be2 
1/2-1/2

[Event "19th Asia-ch (w)"]
[Site "Al-Ain UAE"]
[Date "2015.08.08"]
[Round "7.20"]
[White "Asil, Odeh"]
[Black "Al-Rufei, Eman Hassane"]
[Result "0-1"]
[WhiteElo "1588"]
[BlackElo "2088"]
[EventDate "2015.08.02"]
[PlyCount "92"]

1.e4 e5 2.Nf3 Nc6 3.Bb5 a6 4.Ba4 Nf6 5.O-O Be7 6.Nc3 b5 7.Bb3 d6 8.h3 O-O 
9.d3 Na5 10.Be3 Nxb3 11.axb3 Bb7 12.Qd2 Re8 13.Ne2 d5 14.exd5 Qxd5 15.Ng3 
Rad8 16.Nf5 Bf8 17.Ng3 Qe6 18.Qe2 h6 19.Rad1 Nd5 20.Rfe1 Nxe3 21.Qxe3 Qc6 
22.Qd2 Bc5 23.Ne4 Bb6 24.Re2 f5 25.Ng3 e4 26.Ne1 exd3 27.cxd3 Qg6 28.Qf4 
Rxe2 29.Nxe2 Qe6 30.Ng3 Qxb3 31.Rc1 Qxb2 32.Nxf5 Qf6 33.Qg4 Bc8 34.Qh4 
Bxf5 35.Qxf6 gxf6 36.Rd1 Ba5 37.Kf1 c5 38.Rc1 Bb4 39.g4 Bg6 40.f4 Bxd3+ 
41.Nxd3 Rxd3 42.Kg2 c4 43.Rb1 a5 44.f5 c3 45.Re1 c2 46.Rc1 Rc3 0-1

[Event "19th Asia-ch (w)"]
[Site "Al-Ain UAE"]
[Date "2015.08.08"]
[Round "7.21"]
[White "Al-Attar, Ghaya"]
[Black "Khalaji, Hanieh"]
[Result "0-1"]
[WhiteElo "1913"]
[BlackElo "1965"]
[EventDate "2015.08.02"]
[PlyCount "70"]

1.e4 c6 2.d4 d5 3.Nc3 dxe4 4.Nxe4 Nf6 5.Nxf6+ exf6 6.c3 Bd6 7.Bd3 O-O 8.
Qf3 Be6 9.Ne2 Re8 10.Bf4 Bd5 11.Qg3 Bf8 12.O-O Be4 13.Bxe4 Rxe4 14.Qf3 Re6
15.Ng3 Nd7 16.Rfe1 Qe8 17.Kf1 Nb6 18.Rad1 Qd7 19.a3 Rae8 20.Be3 Nc4 21.Bc1
c5 22.Rxe6 Rxe6 23.Qd3 Qb5 24.b4 cxd4 25.cxd4 a5 26.bxa5 Qa4 27.Ne2 Nxa5 
28.Nf4 Rd6 29.Be3 Nc4 30.Rb1 Rd7 31.Ne2 Nxa3 32.Ra1 b5 33.Qf5 b4 34.d5 Qb5
35.Rd1 b3 0-1

[Event "19th Asia-ch (w)"]
[Site "Al-Ain UAE"]
[Date "2015.08.08"]
[Round "7.22"]
[White "Nouman, Amna"]
[Black "Hj Azahari, Siti Nur Fatimah"]
[Result "1/2-1/2"]
[WhiteElo "1935"]
[BlackElo "2073"]
[EventDate "2015.08.02"]
[PlyCount "98"]

1.e4 d6 2.d4 Nf6 3.Nc3 e5 4.Nf3 Nbd7 5.Bc4 Be7 6.O-O O-O 7.Re1 c6 8.a4 Qc7
9.h3 h6 10.Be3 Re8 11.Qd2 b6 12.Bf1 Bb7 13.g3 Nf8 14.Bg2 Ng6 15.Kh2 a6 16.
Ng1 b5 17.axb5 cxb5 18.Nd5 Nxd5 19.exd5 Rac8 20.c3 Qc4 21.dxe5 Nxe5 22.Ne2
Bf6 23.Nf4 Qc7 24.Nh5 Nd7 25.Qd1 Kh7 26.Qg4 Re5 27.Bf4 Rxe1 28.Rxe1 Rd8 
29.Qf5+ Kh8 30.Nxf6 Nxf6 31.Bxh6 Nxd5 32.Bxg7+ Kxg7 33.Bxd5 Bxd5 34.Qxd5 
Qb6 35.Qf5 d5 36.Rd1 b4 37.Kg2 bxc3 38.bxc3 Qc6 39.Rd4 a5 40.c4 Qc5 41.
Rg4+ Kf8 42.Qf6 Rd6 43.Qh8+ Ke7 44.Rg8 dxc4 45.Re8+ Kd7 46.Rd8+ Ke6 47.
Re8+ Kd7 48.Rd8+ Ke6 49.Re8+ Kd7 1/2-1/2